Introducción a los sistemas operativos

Bibliographic Details
Main Author: Deitel, Hervey M.
Format: Section = Libro
Language:Undetermined
Spanish
Published: Argentina Addison/Wesley 1993
Edition:2a.ed.
Subjects:
LEADER 00649nam a2200229Ia 4500
008 241007s9999||||xx |||||||||||||| ||und||
020 |a 0-201-51860-0 
040 |a BIBLIOTECA-RURC/ 001.642 D324 
041 |a spa 
082 |a 001.642 D324 
100 1 |a Deitel, Hervey M. 
245 1 0 |a Introducción a los sistemas operativos 
250 |a 2a.ed. 
260 |a Argentina  |b Addison/Wesley  |c 1993 
300 |a 938 p. :il. 
650 7 |a HARDWARE, SOFTWARE, FIRMWARE 
650 7 |b ADMINISTRACIÓN DE PROCESOS 
650 7 |c  PROGRAMACIÓN CONCURRENTE 
650 7 |d ADMINISTRACIÓN DEL ALMACENAMIENTO. 
942 |c BK  |2 ddc 
991 |a TEXTO 
999 |c 14214